LEADER 01040nam0-22003251i-450- 001 990001858920403321 005 20080619093740.0 035 $a000185892 035 $aFED01000185892 035 $a(Aleph)000185892FED01 035 $a000185892 100 $a20030910d1957----km-y0itay50------ba 101 0 $aita 102 $aIT 105 $ay-------001yy 200 1 $a<>prova di confronto tra forme diverse di Portulaca (gen. Portulaca L.)$fPier Luigi Ghisleni 210 $aTorino$c[s.n.]$d1957 215 $ap. 109-111$d23 cm 225 1 $aRaccolta di memorie$fUniversità degli studi di Torino. Facoltà di scienze agrarie$v144 300 $aEstr. da: Allionia, n. 2,1957. 610 0 $aPortulacaceae 676 $a583.152 700 1$aGhisleni,$bPier Luigi$071227 801 0$aIT$bUNINA$gRICA$2UNIMARC 901 $aBK 912 $a990001858920403321 952 $a60 MISC. B 131/144$fFAGBC 959 $aFAGBC 996 $aProva di confronto tra forme diverse di Portulaca (gen. Portulaca L.$9401945 997 $aUNINA LEADER 01553nam--2200409---450- 001 990002375430203316 005 20091204132234.0 035 $a000237543 035 $aUSA01000237543 035 $a(ALEPH)000237543USA01 035 $a000237543 100 $a20050124d1970----km-y0itay0103----ba 101 0 $aita 102 $aIT 105 $a||||||||001yy 200 1 $a<> strategia sovietica per lo sviluppo economico, 1924-1930$ela discussione degli anni Venti nell'URSS$fa cura e con un saggio introduttivo di Nicolas Spulber$gedizione italiana a cura di Lisa Foa 210 $aTorino$cEinaudi$d1970 215 $aX, 607 p.$cill.$d22 cm 225 2 $aNuova biblioteca scientifica Einaudi$v26 327 1 $aTrad. di Lisa Foa 410 0$12001$aNuova biblioteca scientifica Einaudi$v26 454 1$12001 461 1$1001-------$12001 500 11$aFoundations of Soviet strategy for economic growth. Selected Soviet Essays 1924-1930, in italiano$956546 607 0 $aUnione Sovietica$xPolitica economica$z1924-1930 676 $a338.9 702 1$aSPULBER,$bNicolas 702 l$aFOA,$bLisa 801 0$aIT$bsalbc$gISBD 912 $a990002375430203316 951 $aXXX.A. Coll. 34/ 16a (Coll. AI 26)$b13415 E.C.$cXXX.A. Coll. 34/ 16a (Coll. AI)$d00253084 959 $aBK 969 $aGIU 979 $aSIAV7$b10$c20050124$lUSA01$h0952 979 $aRSIAV4$b90$c20091204$lUSA01$h1322 996 $aFoundations of Soviet strategy for economic growth. Selected Soviet Essays 1924-1930, in italiano$956546 997 $aUNISA